| 000 | 01093 a2200205 4500 | ||
|---|---|---|---|
| 001 | 38403 | ||
| 005 | 20260407155647.0 | ||
| 008 | 260407a1975 arg spa d | ||
| 003 | AR-UNSa-BCEJYS | ||
| 040 |
_aAR-UNSa-BCEJYS _bspa _cAR-UNSa-BCEJYS |
||
| 080 |
_a658.8 _xOrganización de mercados. Marketing. Ventas. Distribución |
||
| 245 | 1 | 0 |
_aDecisiones en comercialización _pteoría y técnica |
| 250 | _a2a. ed | ||
| 264 | 1 |
_aBuenos Aires : _bEdiciones Macchi-López _c1975 |
|
| 300 |
_a571 p. _c23 cm. |
||
| 505 | _a1. El subsistema de comercilización: Microadministración - 2. Teoría y técnicas - 3. Modelos de decisión - 4. Modelos de planeamiento - 5. Modelos de comportamiento - 6. Variables controlables: Producto - 7. Variables controlables: Precios - 8. Variables controlables: Fuerza de ventas - 9. Variables controlables : Publicidad - 10. Variables controlables: Canales de distribución - 11. Investigaciones de comercialización - 12. Organización - 13. Modelos de control | ||
| 942 | _cBK | ||
| 590 | _aniveau_biblio:m niveau_hierar:0 | ||
| 100 | 1 | _aBogo, Héctor Mario | |
| 999 |
_c2880 _d2880 |
||